| 000 | 00845 a2200229 4500 | ||
|---|---|---|---|
| 008 | 240605b mp ||||| |||| 00| 0 mon d | ||
| 020 | _a978-99973-1-680-6 | ||
| 035 | _a5470 | ||
| 040 |
_aHE0623081 _bmon _cMN-UlNLM _dMN-UlNLM _erda |
||
| 041 | _amon | ||
| 042 | _a9319 | ||
| 084 |
_2NNA _a81.2Мон-4 _bМ.692 |
||
| 245 | 0 | _aМонгол хэлний хэвшмэл хэлцийн толь | |
| 264 |
_aУБ. _bМонсудар _c2018 |
||
| 300 | _a880х. | ||
| 336 |
_2rdacontent _atext _btxt |
||
| 337 |
_2rdamedia _aunmediated _bn |
||
| 338 |
_2rdacarrier _avolume _bnc |
||
| 490 | _v3 | ||
| 650 | _aГарчиг: 1.Авд жороо морь бүү уна Аянд бөөгийн дуу бүү дуул 2.Айлын хоол амттай ч Гэрийн хоолны зай үлддэг 3.Айхын чи... | ||
| 942 |
_2NNA _cBK |
||
| 999 |
_c877814 _d877871 |
||